2 Emojis 2 Words Guessing Game - Statistics

General Stats
  • This quiz has been taken 62 times
  • The average score is 13 of 34
Answer Stats
Hint Answer % Correct
πŸ’ƒπŸ‘‘ Dancing queen
81%
πŸ₯²πŸ‘Ά Cry baby
79%
β˜ οΈπŸ”š Dead end
79%
πŸ‘—β¬†οΈ Dress up
77%
πŸ°πŸ•³οΈ Rabbit hole
77%
πŸ“·πŸ‘¨β€πŸ’Ό Camera man
73%
πŸ”’β¬‡οΈ Lock down
71%
πŸŒšπŸ¦‰ Night Owl
65%
β°πŸ’£ Time bomb
65%
πŸ”΄πŸ³οΈ Red flag
56%
πŸͺ¨β­οΈ Rockstar
56%
🍬❀️ Sweet heart
54%
πŸ₯ͺ⏰ Lunch time
50%
πŸ„πŸ‘¦ Cow boy
48%
πŸ–οΈπŸŽ’ Hand Bag
44%
🚫🧠 No brainer
44%
❀️πŸ₯ Heart beat
40%
🫧🍡 Bubble tea
35%
πŸ« β¬‡οΈ Melt down
35%
🍣🚞 Sushi train
33%
βŒπŸ€ Bad luck
31%
πŸ’§πŸ‚ Rain fall
31%
β˜€οΈβ˜οΈ Sun rise
25%
πŸ‘“πŸ¦‡ Blind bat
17%
πŸ‘ πŸ›’ Shoe shopping
17%
πŸ”¨πŸ“¦ Tool box
15%
πŸ‘©β€πŸ¦²πŸˆ Hairless Cat
10%
πŸͺ§πŸ—£οΈ Sign Language
10%
πŸ™…β€β™€οΈπŸ’‘ Bad Idea
8%
πŸ“ˆπŸ‘¨β€πŸ’Ό Business man
6%
πŸ”ͺ🀨 Murder mystery
6%
πŸ“†πŸŒ™ Date night
2%
πŸ”«πŸ‘Š Gang violence
2%
πŸ™ˆπŸ“© Hidden message
2%
No matching quizzes found
Score Distribution
Percent of People with Each Score
Percentile by Number Answered
Your Score History
You have not taken this quiz